000 00593cam a2200193 4500
001 4970
005 20181127174522.0
008 790412r19791978nyu 000 1 eng
010 _a 79063809
020 _a9780099458357
_c
100 1 _aMunro, Alice,
_d1931-
240 1 0 _aWho do you think you are?
245 1 4 _aThe beggar maid :
_bstories of Flo and Rose /
_cby Alice Munro.
250 _a1st American ed.
260 _aLondon :
_bVintage Books,
_c2004.
300 _a210 p. ;
_c22 cm.
500 _aFirst published in 1978 under title: Who do you think you are?
650 0 _aWomen
_vFiction.
999 _c4143
_d4143